| 000 | 00651nam a2200193Ia 4500 | ||
|---|---|---|---|
| 003 | GCL | ||
| 008 | 140319s9999 xx 000 0 ara d | ||
| 040 |
_aGCL / _cGCL |
||
| 082 | 0 | 4 |
_a810.9 _bا ف |
| 100 | 1 | _aاحمد حسن الزيات | |
| 245 | 1 | 0 |
_aفى اصول الادب : محاضرات ومقالات فى الادب العربى / _cاحمد حسن الزيات |
| 300 | _a218 ص | ||
| 490 | _a | ||
| 650 | 0 | 4 | _aالادب - تاريخ ونقد |
| 650 | 0 | 4 | _aالف ليلة وليلة |
| 650 | 0 | 4 | _aالادب العربى - تاريخ ونقد |
| 650 | 0 | 4 | _aالادب العربى - مقالات ومحاضرات |
| 942 |
_2ddc _cBK |
||
| 999 |
_c45510 _d45510 |
||